| 000 | 00479nam a22001817a 4500 | ||
|---|---|---|---|
| 005 | 20260530154126.0 | ||
| 008 | 260530b |||||||| |||| 00| 0 eng d | ||
| 020 |
_a9783110448795 _c2640.71 |
||
| 040 | _aMAIN | ||
| 041 | _aGerman | ||
| 082 |
_a193 _bMAX |
||
| 100 |
_aHindrichs, Gunnar (ed) _926953 |
||
| 245 | _aMax Horkheimer Theodor W. Adorno Dialektik der Aufklarung | ||
| 260 |
_aBerlin _bDe Gruyter _c2017 |
||
| 300 | _a213 | ||
| 650 | _aGerman Language | ||
| 942 | _cBK | ||
| 999 |
_c60931 _d60931 |
||